Environmental biotechnology: Theory and application (Record no. 114993)

MARC details
000 -LEADER
fixed length control field 00384nam a2200145Ia 4500
008 - FIXED-LENGTH DATA ELEMENTS--GENERAL INFORMATION
fixed length control field 230917s9999||||xx |||||||||||||| ||und||
040 ## - CATALOGING SOURCE
-- 94976
Original cataloging agency VIVEKANANDA LIBRARY
041 ## - Language
-- English
082 ## - DDC NUMBER
Classification number 660.60243637 E15E
100 ## - MAIN ENTRY--PERSONAL NAME
Personal name Evans, Gareth M
245 #0 - TITLE STATEMENT
Title Environmental biotechnology: Theory and application
260 ## - PUBLICATION, DISTRIBUTION, ETC. (IMPRINT)
Place of publication, distribution, etc West Sussex
Name of publisher, distributor, etc John Wiley
Date of publication, distribution, etc 2003
300 ## - PHYSICAL DESCRIPTION
Pages 285 p.
942 ## - ADDED ENTRY ELEMENTS (KOHA)
Koha item type Books
Holdings
Withdrawn status Lost status Damaged status Not for loan Location (home branch) Sublocation or collection (holding branch) Date acquired Koha issues (times borrowed) Koha full call number Accession No. Koha date last seen Koha item type
        VIVEKANANDA LIBRARY VIVEKANANDA LIBRARY 09/07/2003   660.60243637 E15E 204903 17/09/2023 Books
© Designed and Maintained by Vivekananda Library, MDU Rohtak